[Event "Østlandsserien 2011/2012, 2. div"]
[Site "Lillestrøm, Akershus NOR"]
[Date "2011.11.06"]
[Round "1"]
[White "Ramsøy, Sveinung"]
[Black "Lea, Per"]
[Result "1/2-1/2"]
[WhiteElo "1494"]
[BlackElo "1644"]
[Annotator "Lea,Per"]
[PlyCount "85"]
[EventDate "2011.11.06"]
[WhiteTeam "Lillestrøm"]
[BlackTeam "Follo 1"]

1. d4 {[%emt 0:00:00]} d5 2. c4 e6 3. Nf3 Nf6 4. e3 c5 5. Be2 Nc6 6. O-O Be7 7.
b3 O-O 8. Bb2 dxc4 9. Bxc4 cxd4 10. Nxd4 Qc7 11. Nb5 Qd7 12. Qxd7 Bxd7 13. Nd4
Rfd8 14. Nd2 a6 15. N2f3 b5 16. Be2 Rac8 17. Nxc6 Rxc6 18. Rac1 Rdc8 19. Ne5
Rc2 {Ser sterkt ut, men skinnet bedrar.} 20. Nxd7 Nxd7 21. Bf3 ({
Da jeg gjorde mitt 19. trekk, hadde jeg bare sett} 21. Rfe1 Bb4 {og trodd at
det holdt til klar fordel, men det er helt feil. Hvits trekk hadde jeg ikke
vurdert i det hele tatt. Enda bedre for hvit hadde det vært å spille}) (21. Bd3
) 21... Bf6 (21... R8c5 22. Rb1 Bf6 23. Rfd1 Rc7 {synes Fritz er bedre, men
marginene er små - ingen er i nærheten av å ha avgjørende fordel.}) 22. Rxc2
Rxc2 23. Bxf6 Nxf6 24. Ra1 {På grunn av aktivt tårn på 2. raden mot et passivt
tårn på a1, er dette en knepen foredel for svart, til tross for at hvit har
løper mot springer.} Nd5 (24... Rb2 25. a4 b4 26. Rc1 g6 27. Kf1 Rxb3 28. Rc6
Rb1+ 29. Ke2 Nd7 30. Rxa6 Rb2+ 31. Ke1 Nc5 {hadde vært fordelaktig for svart,
men jeg regnet med at jeg kunne vente med å spille tårnet til b2 etter at hvit
spiller a4. Ved å følge Fritz' forslag hadde jeg unngått å ha en isolert bonde
på d5.}) 25. Bxd5 exd5 26. g3 Kf8 27. a4 Rb2 28. axb5 axb5 29. Ra8+ Ke7 30.
Ra7+ Kf6 31. Ra6+ Kf5 32. Ra7 Kg6 33. Rd7 Rxb3 34. Rxd5 b4 35. Rb5 Rb1+ 36. Kg2
b3 37. Kf3 h5 38. h4 ({Jeg hadde håpet på} 38. Ke2 b2 39. Kd2 Rf1 40. Rxb2
Rxf2+ 41. Kc3 Rxb2 42. Kxb2 Kf5 43. Kc3 {og svart vinner bondesluttspillet})
38... b2 39. Ke4 f6 40. Rb7 Kh6 41. Rb6 Kg6 42. Rb7 Kh6 43. Rb6 1/2-1/2

[Event "Østlandsserien 2011/2012, 2. div"]
[Site "Oslo NOR"]
[Date "2011.12.04"]
[Round "2"]
[White "Larsen, Joakim"]
[Black "Vagle, Raymond"]
[Result "0-1"]
[WhiteElo "1930"]
[BlackElo "1826"]
[PlyCount "73"]
[EventDate "2011.11.06"]
[WhiteTeam "Follo 1"]
[BlackTeam "SOSS 3"]

1. e4 g6 2. d4 Bg7 3. Nc3 d6 4. f4 Nd7 5. Nf3 a6 6. Bc4 Nh6 7. a4 O-O 8. O-O c5
9. d5 b6 10. Qe2 f6 11. Bd2 Ra7 12. Rae1 Nf7 13. g4 Kh8 14. h4 b5 15. axb5 Nb6
16. f5 Nxc4 17. Qxc4 Nh6 18. Bxh6 Bxh6 19. Qa4 Qb6 20. Ra1 Bd7 21. Qa5 Qb8 22.
Ra3 gxf5 23. exf5 Rg8 24. Nh2 Be3+ 25. Kg2 Bd4 26. b6 Rb7 27. Qxa6 Rxb6 28. Qd3
Rxb2 29. Nd1 Bb5 30. Nxb2 Bxd3 31. Nxd3 c4 32. Ne1 Qb7 33. Ra5 Bc3 34. Ra4
Qxd5+ 35. Nef3 h5 36. Kh3 Qb5 37. Ra7 0-1

[Event "Østlandsserien 2011/2012, 2. div"]
[Site "Oslo NOR"]
[Date "2011.12.04"]
[Round "2"]
[White "Zachariassen, Bjarne"]
[Black "Lange, David"]
[Result "0-1"]
[WhiteElo "1929"]
[BlackElo "1813"]
[PlyCount "130"]
[EventDate "2011.11.06"]
[WhiteTeam "SOSS 3"]
[BlackTeam "Follo 1"]

1. e4 c5 2. Nf3 d6 3. c3 Nf6 4. Be2 Nc6 5. d3 g6 6. O-O Bg7 7. h3 O-O 8. Be3 a6
9. Qc2 b6 10. Nbd2 Bb7 11. Rfd1 Qc7 12. Rac1 Rfd8 13. Nf1 e6 14. Bg5 Rd7 15.
Ne3 Rc8 16. b3 b5 17. a4 b4 18. c4 h6 19. Bf4 Nh5 20. Bh2 Bc3 21. Rf1 Qd8 22.
Rcd1 Qf6 23. Ng4 Qg7 24. Qc1 Kh7 25. Ne3 g5 26. Qc2 Nf4 27. Kh1 Ng6 28. Rg1 Rf8
29. Rdf1 Nge7 30. Nd1 Bf6 31. Bg3 Rh8 32. Ne3 Kg8 33. Qd1 Bc3 34. Nc2 f5 35.
Nd2 f4 36. Bh2 Nd4 37. Nxd4 Bxd4 38. Bg4 Qg6 39. Bh5 Qf6 40. g3 e5 41. Qg4 Bc8
42. gxf4 exf4 43. Qxf4 Rd8 44. Qxf6 Bxf6 45. Rg3 Kh7 46. f4 Rhf8 47. Rgf3 Bc3
48. fxg5 Rxf3 49. Rxf3 Bxd2 50. Rf7+ Kg8 51. Rxe7 Bxg5 52. Re8+ Rxe8 53. Bxe8
Kf8 54. Bg6 Ke7 55. Kg2 a5 56. Bf5 Bb7 57. Kf3 Bc6 58. Kg4 Be8 59. e5 dxe5 60.
Bxe5 Bf6 61. Bc7 Bd4 62. Bxa5 Bxa4 63. Kf4 Bxb3 64. Ke4 Ba4 65. Kd5 b3 0-1

[Event "Østlandsserien 2011/2012, 2. div"]
[Site "Oslo NOR"]
[Date "2011.12.04"]
[Round "2"]
[White "Lea, Per"]
[Black "Opdahl, Jens Christian Lothe"]
[Result "1/2-1/2"]
[WhiteElo "1644"]
[BlackElo "1615"]
[Annotator "Lea,Per"]
[PlyCount "95"]
[EventDate "2011.11.06"]
[WhiteTeam "Follo 1"]
[BlackTeam "SOSS 3"]

1. e4 d5 2. exd5 Qxd5 3. Nc3 Qa5 4. d4 Nf6 5. Bd2 c6 6. Bc4 Bg4 7. Nf3 Nbd7 8.
Nd5 Qd8 9. Nxf6+ gxf6 10. Ng5 fxg5 ({Etter at jeg hadde gjort trekket, trodde
jeg plutselig at svart hadde et vinsttrekk i stillingen, nemlig:} 10... Ne5 {
men jeg må innrømme at jeg ikke så varianten} 11. dxe5 Bxd1 12. Bxf7+ Kd7 13.
Rxd1 Kc8 14. Be6+ Kb8 15. Nf7 Qc7 16. Be3 Bg7 17. exf6 Bxf6 18. g3 Be5 19. Nxh8
Qa5+ 20. Rd2 {som min silisiumvenn Fritz 11 påstår er klart vunnet for hvit.})
11. Qxg4 Nf6 12. Qe2 Rg8 13. O-O-O Nd5 14. Rhe1 Qd6 15. Qf3 e6 16. Re5 g4 17.
Qb3 O-O-O 18. c3 Be7 19. Rde1 Bf6 20. Rh5 Rg7 21. g3 Nb6 (21... Qc7) 22. Bd3 (
22. Bf4 Qe7 23. Ra5 Nxc4 24. Qxc4 Bg5 25. Rxa7 Bxf4+) 22... Nd5 23. Rh1 Rdg8
24. Rxh7 (24. h3 gxh3 25. R1xh3 e5 26. dxe5 Bxe5 27. Rxh7 Rxh7 28. Rxh7 {
gir større fordel enn teksttrekket.}) 24... Rxh7 25. Bxh7 Rd8 26. h4 Kb8 27.
Qd1 e5 28. dxe5 Bxe5 29. Re1 Bg7 30. Bf5 Qc5 31. Be3 $4 Qa5 32. Bg5 f6 33. Bd2
$2 (33. Qd4 fxg5 34. Qxg7 Nxc3 35. bxc3 Qxf5 36. Qxg5 Qxg5+ 37. hxg5 Rg8 38.
Re5 {med en liten fordel for hvit.}) 33... Qxa2 34. Qxg4 Nxc3 $4 35. Qxg7 $4 (
35. Qf4+ Ka8 36. Bxc3 {bør vinnes lett for hvit, men med ikke så mange
sekunder igjen før tidskontrollen "glemte" jeg at løperen på c3 garderer
tårnet på e1 etter en eventuell dronningsjakk på a1 - og at løperen på f5 kan
gå tilbake til b1.}) 35... Qa1+ 36. Kc2 Qa4+ 37. Kc1 Qa1+ 38. Kc2 Qa4+ 39. Kxc3
Qd4+ 40. Kb3 Qd5+ 41. Ka3 Qc5+ $4 (41... Qxd2 {er død remis i følge Fritz.})
42. Ka2 Qd5+ 43. Ka1 $4 (43. Kb1 {
er vunnet for hvit, selv om svart kan få med seg løperen på f5 med sjakk.}
Qxf5+ ({eller} 43... Qxd2 44. Qe7) 44. Kc1 Qxf2 45. Bc3) 43... Qxd2 44. Qe7
Qa5+ 45. Kb1 Qxf5+ 46. Ka1 Qa5+ ({Her kunne svart prøvd å spille på vinst med} 
46... Rd4) 47. Kb1 Qf5+ 48. Ka1 1/2-1/2

[Event "Østlandsserien 2011/2012, 2. div"]
[Site "Oslo NOR"]
[Date "2011.12.04"]
[Round "2"]
[White "Flaa, Eirik"]
[Black "Bakken, Svein-Erik"]
[Result "1/2-1/2"]
[WhiteElo "1380"]
[BlackElo "1434"]
[PlyCount "84"]
[EventDate "2011.11.06"]
[WhiteTeam "SOSS 3"]
[BlackTeam "Follo 1"]

1. d4 d5 2. c4 e6 3. e3 Nf6 4. Nf3 Be7 5. Nc3 O-O 6. Bd3 Nbd7 7. c5 Re8 8. O-O
c6 9. Bd2 Nf8 10. Ne5 Qc7 11. Rc1 Bxc5 12. Nb5 cxb5 13. Rxc5 Qd8 14. Bxb5 N6d7
15. Rc1 a6 16. Ba4 b5 17. Nc6 Qf6 18. Bb3 Nb6 19. Bb4 Nc4 20. Bxc4 bxc4 21. e4
dxe4 22. Rxc4 Bd7 23. Qc2 Bxc6 24. Rxc6 Qxd4 25. Rc4 Qd3 26. Qc1 Red8 27. Bxf8
Kxf8 28. Rc7 Rd7 29. Qc5+ Kg8 30. Rxd7 Qxd7 31. h3 h6 32. Rc1 Qd5 33. Qe3 Rd8
34. a4 Rb8 35. Qa7 Rxb2 36. Rc8+ Kh7 37. Qxf7 Qe5 38. g4 Rb1+ 39. Kg2 Rb2 40.
h4 Qf6 41. Qg8+ Kg6 42. Qe8+ Kh7 1/2-1/2

[Event "Østlandsserien 2011/2012, 2. div"]
[Site "Ås, Akershus NOR"]
[Date "2012.01.14"]
[Round "3"]
[White "Thrana, Svein Arne"]
[Black "Larsen, Joakim"]
[Result "0-1"]
[WhiteElo "1755"]
[BlackElo "1926"]
[PlyCount "83"]
[EventDate "2011.11.06"]
[WhiteTeam "Nittedal"]
[BlackTeam "Follo 1"]

1. e4 c5 2. Nf3 Nc6 3. d4 cxd4 4. Nxd4 Nf6 5. Nc3 g6 6. Be3 Bg7 7. f3 O-O 8.
Qd2 d5 9. O-O-O dxe4 10. Nxc6 Qxd2+ 11. Rxd2 bxc6 12. Nxe4 Nd5 13. Bg5 h6 14.
c4 hxg5 15. cxd5 cxd5 16. Nxg5 f6 17. Nh3 Bxh3 18. gxh3 Bh6 19. Rg1 Kf7 20. Bd3
f5 21. Kd1 Bxd2 22. Kxd2 Rh8 23. Rg3 e5 24. Bf1 Rh4 25. b3 Rd4+ 26. Kc3 Rc8+
27. Kb2 Rd2+ 28. Ka3 Rcc2 29. Kb4 Rxa2 30. Bb5 Rxh2 31. Kc5 Rac2+ 32. Kd6 Kf6
33. Rg1 Rxh3 34. Ra1 Rxf3 35. Rxa7 Rxb3 36. Be8 d4 37. Rf7+ Kg5 38. Rg7 Rb6+
39. Kd5 d3 40. Ba4 Ra2 41. Kc5 Rxa4 42. Kxb6 0-1

[Event "Østlandsserien 2011/2012, 2. div"]
[Site "Ås, Akershus NOR"]
[Date "2012.01.14"]
[Round "3"]
[White "Lange, David"]
[Black "Parr, Hugo"]
[Result "1-0"]
[WhiteElo "1803"]
[BlackElo "1569"]
[PlyCount "79"]
[EventDate "2011.11.06"]
[WhiteTeam "Follo 1"]
[BlackTeam "Nittedal"]

1. d4 d5 2. Nf3 g6 3. g3 Bg7 4. Bg2 Nf6 5. O-O O-O 6. c3 Bf5 7. Bf4 Nbd7 8. Ne5
Be4 9. Nd2 Bxg2 10. Kxg2 c5 11. Ndf3 Rc8 12. Rc1 e6 13. Qa4 a6 14. Nxd7 Qxd7
15. Qxd7 Nxd7 16. Rfe1 Rfe8 17. Ne5 Nxe5 18. Bxe5 f6 19. Bd6 b6 20. e4 Rc6 21.
Bf4 dxe4 22. dxc5 f5 23. cxb6 Rxb6 24. Rc2 Kf7 25. Rd1 e5 26. Be3 Rb7 27. b3
Re6 28. c4 h6 29. h4 Rc6 30. Rcd2 Ke6 31. Rd5 Bf8 32. Rd8 Be7 33. Rh8 h5 34.
Rg8 Kf7 35. Ra8 Ke6 36. Rd5 Rd7 37. Ra5 f4 38. R8xa6 Rcd6 39. gxf4 Bxh4 40.
Rxe5+ 1-0

[Event "Østlandsserien 2011/2012, 2. div"]
[Site "Ås, Akershus NOR"]
[Date "2012.01.14"]
[Round "3"]
[White "Jordet, Rune"]
[Black "Lange, Holger"]
[Result "1/2-1/2"]
[WhiteElo "1444"]
[BlackElo "1660"]
[PlyCount "77"]
[EventDate "2011.11.06"]
[WhiteTeam "Nittedal"]
[BlackTeam "Follo 1"]

1. e4 Nf6 2. d3 e5 3. g3 Nc6 4. Bg2 Bc5 5. Be3 Qe7 6. Nc3 Bb4 7. Bg5 h6 8. Bxf6
Qxf6 9. Nge2 d6 10. a3 Bc5 11. O-O Be6 12. Nd5 Qd8 13. b4 Bb6 14. Nxb6 axb6 15.
c3 Ne7 16. d4 c6 17. Qc2 O-O 18. f4 exf4 19. Nxf4 Bd7 20. c4 Qc7 21. d5 cxd5
22. exd5 Rfc8 23. Rfc1 Nf5 24. Qd3 Re8 25. Re1 Rac8 26. Rxe8+ Rxe8 27. Be4 g6
28. Rc1 Rc8 29. g4 Ng7 30. Qf3 Qd8 31. h3 Qf6 32. Qf2 g5 33. Ng2 Qxf2+ 34. Kxf2
Re8 35. Bd3 Ra8 36. Rc3 h5 37. Kf3 hxg4+ 38. hxg4 f6 39. Ne3 1/2-1/2

[Event "Østlandsserien 2011/2012, 2. div"]
[Site "Ås, Akershus NOR"]
[Date "2012.01.14"]
[Round "3"]
[White "Lea, Per"]
[Black "Johnsen, Ole Jacob"]
[Result "1/2-1/2"]
[WhiteElo "1669"]
[BlackElo "1130"]
[PlyCount "64"]
[EventDate "2011.11.06"]
[WhiteTeam "Follo 1"]
[BlackTeam "Nittedal"]

1. e4 c5 2. Nf3 d6 3. d4 cxd4 4. Nxd4 Nf6 5. Nc3 a6 6. Bg5 e6 7. f4 Be7 8. Qf3
Nc6 9. O-O-O Bd7 10. Bh4 Rc8 11. h3 b5 12. g4 Nxd4 13. Rxd4 Qb6 14. Bf2 Qb7 15.
g5 Ng8 16. Bg2 Bc6 17. Re1 h6 18. Qh5 g6 19. Qh4 e5 20. Rdd1 exf4 21. e5 Bxg5
22. Bxc6+ Qxc6 23. exd6+ Kf8 24. Qg4 Nf6 25. Qg1 b4 26. h4 bxc3 27. hxg5 cxb2+
28. Kxb2 Qxc2+ 29. Ka1 Qc3+ 30. Kb1 Qb4+ (30... Rb8+ 31. Bb6 Qb4+ 32. Ka1 Rxb6
33. Qd4 Qxd4+ 34. Rxd4 hxg5 35. d7 Nxd7 36. Rxd7 {0-1}) 31. Ka1 Qc3+ (31... Rc2
32. Bd4 Qa3 {0-1}) 32. Kb1 Qc2+ 1/2-1/2

[Event "Østlandsserien 2011/2012, 2. div"]
[Site "Oslo NOR"]
[Date "2012.01.15"]
[Round "4"]
[White "Lange, David"]
[Black "Riiser, Samuel"]
[Result "1/2-1/2"]
[WhiteElo "1803"]
[BlackElo "1651"]
[PlyCount "126"]
[EventDate "2011.11.06"]
[WhiteTeam "Follo 1"]
[BlackTeam "OSS 4"]

1. d4 Nf6 2. c4 e6 3. Nc3 Bb4 4. Qc2 b6 5. Nf3 Bb7 6. e3 O-O 7. Be2 d5 8. cxd5
Nxd5 9. a3 Bxc3+ 10. bxc3 Qe7 11. c4 Nf6 12. O-O c5 13. Bd2 Rd8 14. Rfd1 Na6
15. Bc3 Rac8 16. Qb2 Ne4 17. Rac1 Nxc3 18. Rxc3 Qf6 19. Rc2 Rc7 20. Rcd2 Rcd7
21. Qb5 Nc7 22. Qa4 a6 23. Qb3 Bxf3 24. Bxf3 Rd6 25. Rd3 cxd4 26. exd4 b5 27.
Qc3 g6 28. c5 R6d7 29. Bc6 Re7 30. Qa5 Rb8 31. Rb3 Qf5 32. a4 Qc2 33. Rdb1 Qc4
34. Rb4 Qc3 35. axb5 axb5 36. Qa7 Rd8 37. Qa1 Qd3 38. Rd1 Qe2 39. Qb1 Rb8 40.
Qd3 Qh5 41. Ra1 Nd5 42. Rxb5 Rd8 43. Bxd5 Qxd5 44. Rd1 e5 45. Rb4 exd4 46. Rc4
Rc8 47. h3 Rxc5 48. Rxd4 Qe5 49. g3 Ra5 50. Rf4 Ra1 51. Kh2 Rxd1 52. Qxd1 Qe1
53. Qxe1 Rxe1 54. Ra4 Kg7 55. Kg2 Rb1 56. Kf3 Rb2 57. g4 h5 58. g5 Rb3+ 59. Kg2
Kf8 60. Ra7 Rb5 61. h4 Rb4 62. Kg3 Rg4+ 63. Kh3 Rf4 1/2-1/2

[Event "Østlandsserien 2011/2012, 2. div"]
[Site "Oslo NOR"]
[Date "2012.01.15"]
[Round "4"]
[White "Grønn, Eskil Ekeland"]
[Black "Lange, Holger"]
[Result "1-0"]
[WhiteElo "1602"]
[BlackElo "1660"]
[Annotator "Lange,Holger"]
[PlyCount "171"]
[EventDate "2011.11.06"]
[WhiteTeam "OSS 4"]
[BlackTeam "Follo 1"]

1. d4 Nf6 2. Nc3 d5 3. Bg5 e6 4. Qd3 Be7 5. e4 Nxe4 6. Bxe7 Qxe7 7. Nxe4 dxe4
8. Qxe4 Qb4+ 9. Ke2 Qxb2 10. Rd1 Qxa2 11. Nf3 Qd5 12. Qd3 O-O 13. c4 Qa5 14. h4
Qh5 15. g4 Qxg4 16. Bh3 Qh5 17. Rdg1 f6 18. Qe4 Qf7 19. h5 Kh8 20. Nh4 Rd8 21.
Ng6+ Kg8 22. h6 f5 23. Qh4 Qf6 24. Ne7+ Kf8 25. hxg7+ Kxe7 26. Qxh7 Qf7 27.
Qh4+ Qf6 28. Qxf6+ Kxf6 29. g8=Q Rxg8 30. Rxg8 Nc6 31. Kd3 e5 32. d5 e4+ 33.
Kc3 Ne7 34. Rd8 b6 35. Bf1 Bb7 36. Rhh8 Rxd8 37. Rxd8 Bc8 38. Be2 Ke5 39. Re8
Kd6 40. Bd1 Bd7 41. Rd8 c6 42. dxc6 Nxc6 43. Rh8 Be6 44. Bb3 Ne5 45. Rh6 Ke7
46. Rh7+ Nf7 47. Bd1 Kf8 48. Bh5 Kg8 49. Bxf7+ Bxf7 50. Rh1 Kg7 51. Ra1 a5 52.
Rb1 Kf6 53. Rxb6+ Kg5 54. Kd4 a4 55. Ra6 Be8 56. Ke3 Kg4 57. c5 Bb5 58. Rb6 Bd3
59. Rg6+ Kh5 60. Rg1 Bb5 61. Kf4 Bd7 62. Rg7 Bc8 63. Ra7 Kg6 64. Rxa4 Kf6 65.
Ra8 Bd7 66. Ra6+ Ke7 67. c6 Bc8 68. Ra7+ Kd6 69. Ra8 Be6 70. Re8 Bd5 71. Kxf5
Bxc6 72. Re6+ Kd5 73. Rxe4 Bd7+ 74. Kf4 Be6 75. Re5+ Kd6 76. Ra5 Bd5 77. Kg4
Be6+ 78. Kg5 Bd5 79. f4 Bb3 80. Kf6 Bc4 81. Kg7 Ke7 82. f5 Bb3 83. f6+ Ke8 84.
Ra8+ Kd7 85. f7 Bxf7 86. Kxf7 1-0

[Event "Østlandsserien 2011/2012, 2. div"]
[Site "Oslo NOR"]
[Date "2012.01.15"]
[Round "4"]
[White "Lea, Per"]
[Black "Olsen, Ulrik"]
[Result "0-1"]
[WhiteElo "1669"]
[BlackElo "1587"]
[PlyCount "90"]
[EventDate "2011.11.06"]
[WhiteTeam "Follo 1"]
[BlackTeam "OSS 4"]

1. e4 e5 2. Nf3 Nc6 3. Bb5 a6 4. Ba4 Nf6 5. O-O b5 6. Bb3 Be7 7. Re1 O-O 8. c3
d6 9. h3 Na5 10. Bc2 c5 11. d4 exd4 12. cxd4 Re8 13. Nbd2 Qb6 14. Nf1 Bf8 15.
Ng3 (15. e5 dxe5 16. dxe5 Rd8 (16... Nd7 17. Ng5 g6 18. Qd5 $18)) 15... Nc6 16.
Be3 ({Også her er bondeframstøtet i e-linja bedre, men selv om jeg trodde at
svart slo med feil bonde på d4 i trekk 11, fant jeg ingen avgjørende
fortsettelse. Derfor spilte jeg det jeg oppfattet som "naturlige" trekk i
varianten hvor svart slår med c-bonden.} 16. e5 dxe5 17. dxe5 Nd7 18. Bxh7+ Kh8
19. Be4 Ndxe5 20. Bxc6 Nxf3+ 21. Bxf3 Rxe1+ 22. Qxe1 $18) 16... Ra7 17. Rc1 Qa5
18. Bb1 (18. Bb3 c4 19. d5 cxb3 20. dxc6 Rae7 21. axb3 Nxe4 22. Nxe4 Rxe4 23.
c7 {påstås av Fritz å være en bedre plan, men jeg synes ikke dette så noe
fristende ut i det hele tatt. Det må da være mye mer naturlig å beholde
løperen i b1-h7-diagonalen?}) 18... b4 19. Qc2 Nxd4 $2 20. Nxd4 cxd4 21. Bxd4
Rae7 22. Bxf6 gxf6 23. e5 f5 24. Nxf5 Bxf5 25. Qxf5 Bg7 26. Qxh7+ (26. Rc8 Kf8
27. Rxe8+ Rxe8 28. Qxh7 $4 b3 29. Rd1 bxa2 30. Bxa2 Qxa2 31. exd6 Qb3) (26. Rc4
Kf8 (26... b3 27. Qxh7+ Kf8 28. Re3 bxa2 29. Bxa2 Qxa2 30. Rg3 Rxe5 31. Qxg7+
Ke7 32. Rc7+ Kd8 33. Rxf7 R5e7) 27. Qxh7 Rxe5 28. Rf1) (26. Re4 {
er sannsynligvis bare en trekkomkastning av hva som skjedde i partiet.}) 26...
Kf8 27. Re4 Rxe5 28. Rxe5 Qxe5 29. b3 Qb2 30. Qc2 $4 {Dette så naturlig ut der
og da: bonde over og dårlig svart bondestilling, selv om svart har
remissjanser på grunn av de ulikefargede løperne. Men det var altså en grov
feilvurdering.} (30. Rf1 {
beholder en liten fordel for hvit, men det er uklart om det er tilstrekkelig.})
({Det samme gjelder} 30. Rd1) 30... Qxc2 31. Bxc2 Rc8 $1 {
... og dermed vinner svart.} 32. Kf1 {For å skynde meg å gardere løperen før
svart får spilt d-bonden fram til d3, men jeg hadde totalt oversett svarts
svartrekk.} Bb2 33. Rd1 Rxc2 34. Rxd6 Ba3 35. Rxa6 Rxa2 36. h4 Rb2 37. h5 Rxb3
38. h6 Kg8 39. g4 Bc1 40. Rf6 Rh3 41. f4 Rf3+ 42. Ke2 Rxf4 43. Rb6 Rxg4 44. Kf3
Rc4 45. Rf6 Rf4+ $1 {"Det enkleste er det beste". Svarts b-bonde går rett inn.}
0-1

[Event "Østlandsserien 2011/2012, 2. div"]
[Site "Oslo NOR"]
[Date "2012.01.15"]
[Round "4"]
[White "Rødsmoen, Maud"]
[Black "Bakken, Svein-Erik"]
[Result "0-1"]
[WhiteElo "1551"]
[BlackElo "1434"]
[PlyCount "100"]
[EventDate "2011.11.06"]
[WhiteTeam "OSS 4"]
[BlackTeam "Follo 1"]

1. e4 c5 2. Nf3 Nc6 3. d4 cxd4 4. Nxd4 a6 5. Nc3 e6 6. Bc4 Nf6 7. O-O Be7 8.
Kh1 Qc7 9. f4 d6 10. Bb3 O-O 11. f5 exf5 12. Nxf5 Ne5 13. Qe1 Ng6 14. Qg3 Nh5
15. Qf3 Nf6 16. Bg5 Bxf5 17. Qxf5 Qc5 18. Nd5 Nxd5 19. Bxd5 Bxg5 20. Qxg5 Rab8
21. Qd2 Ne5 22. Qe2 b5 23. Rf5 Kh8 24. Raf1 f6 25. Rh5 g6 26. Rh3 Rbc8 27. c3
a5 28. Qe1 Rce8 29. Qh4 Qc7 30. Rxf6 Qe7 31. Rxf8+ Rxf8 32. Qe1 Qf6 33. Kg1 Qg5
34. Rg3 Qf4 35. h3 Kg7 36. Bb3 h6 37. Bd1 Qc1 38. Qe2 Qf4 39. Re3 Qf6 40. Qe1
Qg5 41. Qg3 Qf6 42. Bf3 Qe7 43. Kh2 Qa7 44. Re1 Qc5 45. Re2 Qc4 46. a3 Nxf3+
47. gxf3 Qxe2+ 48. Kg1 Rxf3 49. Qxg6+ Kxg6 50. e5 Rf1# 0-1

[Event "Østlandsserien 2011/2012, 2. div"]
[Site "Ås, Akershus NOR"]
[Date "2012.02.12"]
[Round "5"]
[White "Henriksen, Tor"]
[Black "Larsen, Joakim"]
[Result "0-1"]
[WhiteElo "1805"]
[BlackElo "1926"]
[Annotator "Lea, Per"]
[PlyCount "72"]
[EventDate "2011.11.06"]
[WhiteTeam "Stjernen 2"]
[BlackTeam "Follo 1"]

1. d4 Nf6 2. c4 d6 3. Nc3 g6 4. e4 Bg7 5. Nf3 O-O 6. Be2 Nc6 7. O-O e5 8. h3 $2
{Her blingser den gamle bibliotekskolerektor og NSFs forhenværende
visepresident stygt.} (8. d5 Ne7 9. h3 {bør være forselaktig for hvit}) 8...
exd4 9. Nxd4 Nxe4 $1 {Sånne enkle kombinasjoner "ser" vår ankermann i blinde!}
10. Ncb5 Ne5 {Neppe det beste} ({Hva er galt med} 10... a6) ({eller} 10... Nxd4
) 11. Nf3 {Hvit griper ikke sjansen} (11. Qc2 f5 12. Nc3 {redder ikke
nødvendigvis partiet, men gir litt mer motstand. Men hvit innrømmet (før!)
partiet at han var en smule rusten, og han er nok ikke like god som for 30 år
siden.}) 11... c6 12. Nbd4 f5 13. Qc2 Qf6 14. Rb1 g5 {
En type trekk som Joachim spiller på rein intuisjon.} (14... Nxf3+ 15. Nxf3 f4
16. b3 Bf5 {er et brukbart alternativ for de mer forsiktige av oss}) 15. Nxe5
dxe5 16. Nf3 h6 {Litt forsiktig til Joachim å være} (16... g4 17. hxg4 fxg4 18.
Nd2 (18. Qxe4 $2 Bf5 $1) 18... Nc5 19. Qc3 Qh4 $1 (19... Bf5 20. Ra1 (20. Qe3
Bxb1 21. Nxb1 b6 22. b4 Na6 {og i følge Fritz kan hvit håpe på en viss
kompensasjon i form av løperparet. Og noen tror på julenissen...}) 20... e4 {
med grei fordel for svart}) 20. Qe3 Rf6 21. Qg3 {og svart står klart best}) 17.
b4 Nd6 $2 (17... g4 {befester en viss fordel for svart}) 18. Bb2 {
Hvit har nesten utliknet, minusbonden til tross} Nf7 19. Rbd1 Be6 20. Rd2 Rae8
21. Rfd1 f4 $2 {Nå er fordelen i ferd med å gå over til hvit} (21... g4 {
beholder et visst initiativ}) 22. Bd3 g4 23. hxg4 Bxg4 24. Be4 Bxf3 25. Bxf3
Ng5 26. Bh5 Re7 27. Rd8 f3 28. Rxf8+ {Hvit har sakte men sikkert gitt fra seg
små deler av fordelen, til den nå er smuldret helt bort} ({Fritz angir} 28. g3
Ne6 29. Rxf8+ Bxf8 30. a3 {
som et forsøk på å beholde en liten, men neppe avgjørende, fordel}) 28... Qxf8
29. g3 {men nå er det for seint, og Joachim griper begjærlig sjansen:} e4 $1
30. Bxg7 Qxg7 {Noen av oss ville nok ha slått med tårnet i stedet} 31. Rd8+ Kh7
32. Bg4 $2 {Hvit må gjøre noe med trusselen om å avansere med e-bonden} (32.
Qd2 {hjelper til å holde hodet over vannet en stund til}) 32... Qe5 33. Qd2 {
Men nå er det for seint} e3 $1 {Vinsttrekket} 34. Qd3+ Kg7 35. Rd7 exf2+ 36.
Kxf2 $4 {Etter et langt parti skjer det at man gjør sånne elementære feil. Når
man ser på lange varianter overser man ofte det enkleste:} Qe1# 0-1